000 00792nam a2200217 i 4500
001 47005
003 ES-MaACL
005 20230906161503.0
007 t|
008 030402s1884 sp ||||1| spa d
100 1 _aViso, Julián.
_9133796
245 1 0 _aContestación de Venezuela al alegato de Colombia.
260 _aMadrid :
_b[s.n.],
_c1884 (
_fSucs. de Rivadeneyra)
300 _a509 p. ;
_c29 cm.
504 _aAutor (p. [4]): Julián Viso.
530 _aDisponible en formato digital.
651 4 _aColombia-
_xFronteras-
_zVenezuela.
_98072
651 0 4 _aVenezuela-
_xFronteras-
_zColombia.
_99518
852 _aES-MaACL
_jG-6544
856 _uhttp://bibliotecadigitalhispanica.bne.es:80/webclient/DeliveryManager?pid=1883697&custom_att_2=simple_viewer
_zBiblioteca Digital Hispánica
999 _c47005
_d47005